[Event "Albany Area Spring op"]
[Site "Albany"]
[Date "2003.??.??"]
[Round "3"]
[White "Castano, Dario J"]
[Black "Troyan, James"]
[Result "0-1"]
[WhiteElo "1860"]
[BlackElo "1975"]
[PlyCount "74"]
[EventDate "2003.??.??"]
[EventType "swiss"]
[EventRounds "4"]
[EventCountry "USA"]
[SourceTitle "EXT 2007"]
[Source "ChessBase"]
[SourceDate "2006.11.23"]
[SourceVersion "1"]
[SourceVersionDate "2006.11.23"]
[SourceQuality "1"]

1. e4 e6 2. d4 d5 3. e5 c5 4. Nf3 Nc6 5. c3 Bd7 6. Bd3 cxd4 7. cxd4 Qb6 8. Bc2 Nb4 9. Nc3 Nxc2+ 10. Qxc2 Ne7 11. 0-0 Nc6 12. Be3 Na5 13. b3 Rc8 14. Qd3 Bb4 15. Rac1 0-0 16. h4 Bxc3 17. Rxc3 Bb5 18. Qc2 Rxc3 19. Qxc3 Bxf1 20. Kxf1 Nc6 21. Kg1 Ne7 22. g4 Rc8 23. Qd3 Qc6 24. Ng5 g6 25. h5 a6 26. Qd2 gxh5 27. Qe2 Qc2 28. Qf3 Qg6 29. gxh5 Qf5 30. Qg3 Kh8 31. Qh4 Rg8 32. Kh2 h6 33. Nh3 Nc6 34. Bxh6 Rg4 35. Qf6+ Qxf6 36. exf6 Nxd4 37. Ng5 Rxg5 0-1